A tömeg- és veszteségszámítás oktatásának lehetőségei a XXI. században

Bibliográfiai részletek
Szerző: Farkasné Parrag Éva
További közreműködők: Rudolfné Katona Dr. Mária
Dokumentumtípus: Diplomadolgozat
Kulcsszavak:oktatási segédlet
interaktív
különleges bánásmód
szakmódszertan
vendéglátó gazdálkodás
Online Access:http://dolgozattar.uni-bge.hu/13861

MARC

LEADER 00000nta a2200000 i 4500
001 dolg13861
005 20180228134730.0
008 171213suuuu hu om 000 hun d
040 |a BGE Dolgozattár Repozitórium  |b hun 
041 |a hu 
100 1 |a Farkasné Parrag Éva 
245 1 2 |a A tömeg- és veszteségszámítás oktatásának lehetőségei a XXI. században  |c Farkasné Parrag Éva  |h [elektronikus dokumentum] 
695 |a oktatási segédlet 
695 |a interaktív 
695 |a különleges bánásmód 
695 |a szakmódszertan 
695 |a vendéglátó gazdálkodás 
700 1 |a Rudolfné Katona Dr. Mária  |e ths 
856 4 0 |u http://dolgozattar.uni-bge.hu/13861/1/Szakdolgozat2017-2018-1-MAFarkasn%C3%A9Parrag%20%C3%89va.pdf  |z Dokumentum-elérés